000 00674nam a2200205 4500
001 120169
003 ES-MaACL
005 20230906191459.0
007 t|
008 070214s1948 ag r ||||1| spa d
100 1 _aPiqué, José Alberto.
_992318
245 1 0 _aTumores de los huesos
_b: diagnóstico y tratamiento /
_cpor los Doctores José Alberto Piqué y Fritz Schajowicz.
260 _aBuenos Aires :
_bAteneo,
_c1948.
300 _a94 p., 14 lám. ;
_c24 cm.
490 1 _aBiblioteca de Terapéutica
700 1 _aSchajowicz, Fritz.
_9104212
830 0 _aBiblioteca de Terapéutica
_9186479
852 _aES-MaACL
_jD-7555
_bR.27100
999 _c120169
_d120169